<?xml version="1.0" encoding="UTF-8"?>
<record
    xmlns:xsi="http://www.w3.org/2001/XMLSchema-instance"
    xsi:schemaLocation="http://www.loc.gov/MARC21/slim http://www.loc.gov/standards/marcxml/schema/MARC21slim.xsd"
    xmlns="http://www.loc.gov/MARC21/slim">

  <leader>00407nam a2200169Ia 4500</leader>
  <controlfield tag="003">STCL</controlfield>
  <controlfield tag="008">181203s9999    xx            000 0 und d</controlfield>
  <datafield tag="020" ind1=" " ind2=" ">
    <subfield code="a">9780070636774</subfield>
  </datafield>
  <datafield tag="040" ind1=" " ind2=" ">
    <subfield code="a">STCL</subfield>
    <subfield code="b">EN</subfield>
    <subfield code="c">STCL</subfield>
  </datafield>
  <datafield tag="082" ind1=" " ind2=" ">
    <subfield code="2">22</subfield>
  </datafield>
  <datafield tag="100" ind1=" " ind2=" ">
    <subfield code="a">Schildt, Herbert</subfield>
  </datafield>
  <datafield tag="245" ind1=" " ind2="0">
    <subfield code="a">Java: The Complete Reference</subfield>
  </datafield>
  <datafield tag="260" ind1=" " ind2=" ">
    <subfield code="b">McGraw Hill Education</subfield>
    <subfield code="a">New Delhi</subfield>
    <subfield code="c">2014</subfield>
  </datafield>
  <datafield tag="300" ind1=" " ind2=" ">
    <subfield code="a">1024</subfield>
  </datafield>
  <datafield tag="546" ind1=" " ind2=" ">
    <subfield code="a">English</subfield>
  </datafield>
  <datafield tag="942" ind1=" " ind2=" ">
    <subfield code="2">ddc</subfield>
    <subfield code="c">BK</subfield>
  </datafield>
  <datafield tag="999" ind1=" " ind2=" ">
    <subfield code="c">83326</subfield>
    <subfield code="d">83326</subfield>
  </datafield>
  <datafield tag="952" ind1=" " ind2=" ">
    <subfield code="0">0</subfield>
    <subfield code="1">0</subfield>
    <subfield code="2">ddc</subfield>
    <subfield code="4">0</subfield>
    <subfield code="7">0</subfield>
    <subfield code="a">STCAL</subfield>
    <subfield code="b">STCAL</subfield>
    <subfield code="c">GEN</subfield>
    <subfield code="d">2015-06-10</subfield>
    <subfield code="g">650.00</subfield>
    <subfield code="l">12</subfield>
    <subfield code="m">7</subfield>
    <subfield code="o">005.133 SCH-H</subfield>
    <subfield code="p">92466</subfield>
    <subfield code="r">2019-07-15 00:00:00</subfield>
    <subfield code="s">2019-07-15</subfield>
    <subfield code="w">2015-06-10</subfield>
    <subfield code="y">BK</subfield>
  </datafield>
  <datafield tag="952" ind1=" " ind2=" ">
    <subfield code="0">0</subfield>
    <subfield code="1">0</subfield>
    <subfield code="2">ddc</subfield>
    <subfield code="4">0</subfield>
    <subfield code="7">0</subfield>
    <subfield code="a">STCAL</subfield>
    <subfield code="b">STCAL</subfield>
    <subfield code="c">GEN</subfield>
    <subfield code="d">2015-06-10</subfield>
    <subfield code="g">650.00</subfield>
    <subfield code="l">16</subfield>
    <subfield code="m">7</subfield>
    <subfield code="o">005.133 SCH-H</subfield>
    <subfield code="p">92467</subfield>
    <subfield code="r">2024-09-26 00:00:00</subfield>
    <subfield code="s">2024-09-04</subfield>
    <subfield code="w">2015-06-10</subfield>
    <subfield code="y">BK</subfield>
  </datafield>
  <datafield tag="952" ind1=" " ind2=" ">
    <subfield code="0">0</subfield>
    <subfield code="1">0</subfield>
    <subfield code="2">ddc</subfield>
    <subfield code="4">0</subfield>
    <subfield code="7">0</subfield>
    <subfield code="a">STCAL</subfield>
    <subfield code="b">STCAL</subfield>
    <subfield code="c">GEN</subfield>
    <subfield code="d">2015-06-10</subfield>
    <subfield code="g">650.00</subfield>
    <subfield code="l">15</subfield>
    <subfield code="m">7</subfield>
    <subfield code="o">005.133 SCH-H</subfield>
    <subfield code="p">92468</subfield>
    <subfield code="r">2024-10-23 00:00:00</subfield>
    <subfield code="s">2024-10-01</subfield>
    <subfield code="w">2015-06-10</subfield>
    <subfield code="y">BK</subfield>
  </datafield>
  <datafield tag="952" ind1=" " ind2=" ">
    <subfield code="0">0</subfield>
    <subfield code="1">0</subfield>
    <subfield code="2">DDC</subfield>
    <subfield code="4">0</subfield>
    <subfield code="7">0</subfield>
    <subfield code="a">STCAL</subfield>
    <subfield code="b">STCAL</subfield>
    <subfield code="c">GEN</subfield>
    <subfield code="d">2022-10-19</subfield>
    <subfield code="l">3</subfield>
    <subfield code="o">005.13 SCH-C</subfield>
    <subfield code="p">96478</subfield>
    <subfield code="r">2024-10-21 00:00:00</subfield>
    <subfield code="s">2024-10-03</subfield>
    <subfield code="w">2022-10-19</subfield>
    <subfield code="y">BK</subfield>
  </datafield>
  <datafield tag="952" ind1=" " ind2=" ">
    <subfield code="0">0</subfield>
    <subfield code="1">0</subfield>
    <subfield code="2">DDC</subfield>
    <subfield code="4">0</subfield>
    <subfield code="7">0</subfield>
    <subfield code="a">STCAL</subfield>
    <subfield code="b">STCAL</subfield>
    <subfield code="c">GEN</subfield>
    <subfield code="d">2023-07-29</subfield>
    <subfield code="l">0</subfield>
    <subfield code="o">005.13 SCH-J</subfield>
    <subfield code="p">J00565</subfield>
    <subfield code="r">2023-07-29 00:00:00</subfield>
    <subfield code="w">2023-07-29</subfield>
    <subfield code="y">BK</subfield>
  </datafield>
  <datafield tag="952" ind1=" " ind2=" ">
    <subfield code="0">0</subfield>
    <subfield code="1">0</subfield>
    <subfield code="2">DDC</subfield>
    <subfield code="4">0</subfield>
    <subfield code="7">0</subfield>
    <subfield code="a">STCAL</subfield>
    <subfield code="b">STCAL</subfield>
    <subfield code="c">GEN</subfield>
    <subfield code="d">2023-07-29</subfield>
    <subfield code="l">0</subfield>
    <subfield code="o">005.13 SCH-J</subfield>
    <subfield code="p">J01168</subfield>
    <subfield code="r">2023-07-29 00:00:00</subfield>
    <subfield code="w">2023-07-29</subfield>
    <subfield code="y">BK</subfield>
  </datafield>
  <datafield tag="952" ind1=" " ind2=" ">
    <subfield code="0">0</subfield>
    <subfield code="1">0</subfield>
    <subfield code="2">DDC</subfield>
    <subfield code="4">0</subfield>
    <subfield code="7">0</subfield>
    <subfield code="a">STCAL</subfield>
    <subfield code="b">STCAL</subfield>
    <subfield code="c">GEN</subfield>
    <subfield code="d">2023-07-29</subfield>
    <subfield code="l">2</subfield>
    <subfield code="m">2</subfield>
    <subfield code="o">005.13 SCH-J</subfield>
    <subfield code="p">J00563</subfield>
    <subfield code="r">2024-10-04 00:00:00</subfield>
    <subfield code="s">2024-09-11</subfield>
    <subfield code="w">2023-07-29</subfield>
    <subfield code="y">BK</subfield>
  </datafield>
</record>
